Score 0/22 Timer 08:00
2 Plays Today
% Correct
Flying
99.8%
Feeding
96%
Falling
94.4%
Fainting
92.9%
Flipping
92.8%
Fencing (and Fleeing)
91.3%
Fanning
90.9%
Flicking
87.5%
Flapping
87.4%
Flossing
87.4%
Fighting
87%
% Correct
Flooding
86.1%
Fiddling
80.4%
Frowning
78.5%
Following
76.9%
Floating
76.6%
Foaming
73.1%
Faking
72.6%
Firing (or Fishing)
69.2%
Fingerpainting
67.4%
Fading
67%
Flexing
61.8%
Remove Ads.
Support Sporcle.
Get the best of Sporcle when you Go Orange. This ad-free experience offers more features, more stats, and more fun while also helping to support Sporcle. Thank you for becoming a member.

You're not logged in!

Compare scores with friends on all Sporcle quizzes.
OR
Log In

Show Comments

Extras

Top Quizzes Today


Score Distribution

Your Account Isn't Verified!

In order to create a playlist on Sporcle, you need to verify the email address you used during registration. Go to your Sporcle Settings to finish the process.

Report this User

Report this user for behavior that violates our Community Guidelines.

Details: